000 00938nam a2200253Ia 4500
003 OSt
005 20221005105359.0
006 a|||||r|||| 00| 0
007 ta
008 221004b |||||||| |||| 00| 0 hin d
024 _a30070
037 _cTextual
040 _aCRL
_cCRL
_bhin
041 _2hin
_ahin
082 _aX:72, 152M0
100 _aधर्मपाल
245 0 _aसमष्टि अर्थशास्त्र
_b विश्लेषण एवं नीति
246 _aSamaṣhṭi arthashāstra: vishleṣhaṇ evan nīti
260 _aनई दिल्ली
_bदि मैकमिलन कंपनी ऑफ इंडिया लिमिटेड भारत
_c1980
300 _a272पृ.
_ccm.
700 _a शर्मा, एन के
942 _hX:72, 152M0
_cTEXL
_2cc
999 _c1015659
_d1015659